villes avec la meilleure eau potable en France - Statistiques

Statistiques générales
  • Ce quiz a été pris 25 fois
  • Le résultat moyen est 3 sur 10
Statistiques - réponses
Categorie Ville % Correct
Grandes villes Paris
88%
Grandes villes Rennes
67%
Grandes villes Brest
63%
Grandes villes Angers
54%
Moyennes villes Versailles
13%
Grandes villes Clermond-Ferrand
0%
Moyennes villes Ivry sur Seine
0%
Moyennes villes Mantes la jolie
0%
Moyennes villes Villeneuve Saint Georges
0%
Moyennes villes Vitry sur Seine
0%
Aucun quiz correspondant
Distribution des résultats
% des personnes avec chaque résultat
Percentile par nombre de réponses
Votre historique - résultats
Vous n’avez pas pris ce quiz